=LDR 00000nam 2200000 4500 =001 INLIS000000000028735 =005 20130612131023 =008 ***********************************Ind** =035 ##$$0010-061300000028735 =041 ##$$a Ind =082 ##$$a 510.7 =090 ##$$a 510.7, Sud m =100 ##$$a Sudarto =245 ##$$a Matematika 1a, Pendidikan Dasar 9 tahun, untuk SLTP Caturwulan I, Sudarto =260 ##$$a 1994 $b Surakarta =300 ##$$a vi, 108 hlm., ilus, 28 cm =850 ##$$a NBPNMAT